5HLuxD.jpg

KING HENRY VIII SENIOR AND PRIMARY SCHOOL LIBRARY OPAC

Homes of the world / (Record no. 1323)

000 -LEADER
fixed length control field 01242cam a2200325 i 4500
001 - CONTROL NUMBER
control field 18582679
003 - CONTROL NUMBER IDENTIFIER
control field OSt
005 - DATE AND TIME OF LATEST TRANSACTION
control field 20221228123434.0
008 - FIXED-LENGTH DATA ELEMENTS--GENERAL INFORMATION
fixed length control field 150418s2016 mnua j 000 0 eng
010 ## - LIBRARY OF CONGRESS CONTROL NUMBER
LC control number 2015010534
020 ## - INTERNATIONAL STANDARD BOOK NUMBER
International Standard Book Number 9781491439302 (pbk.)
040 ## - CATALOGING SOURCE
Original cataloging agency DLC
Language of cataloging eng
Transcribing agency DLC
Description conventions rda
Modifying agency DLC
042 ## - AUTHENTICATION CODE
Authentication code pcc
082 00 - DEWEY DECIMAL CLASSIFICATION NUMBER
Classification number 392.3 LOE
Edition number 23
100 1# - MAIN ENTRY--PERSONAL NAME
Personal name Loewen, Nancy,
Dates associated with a name 1964-
Relator term Author
245 10 - TITLE STATEMENT
Title Homes of the world /
Statement of responsibility, etc. by Nancy Loewen and Paula Skelley.
264 #1 - PRODUCTION, PUBLICATION, DISTRIBUTION, MANUFACTURE, AND COPYRIGHT NOTICE
Place of production, publication, distribution, manufacture North Mankato, Minnesota :
Name of producer, publisher, distributor, manufacturer Capstone Press, a Capstone imprint,
Date of production, publication, distribution, manufacture, or copyright notice [2016]
300 ## - PHYSICAL DESCRIPTION
Extent 32 pages :
Other physical details color illustrations ;
Dimensions 27 cm.
336 ## - CONTENT TYPE
Content type term text
Content type code txt
Source rdacontent
337 ## - MEDIA TYPE
Media type term unmediated
Media type code n
Source rdamedia
338 ## - CARRIER TYPE
Carrier type term volume
Carrier type code nc
Source rdacarrier
490 0# - SERIES STATEMENT
Series statement A+ books. Go go global
520 ## - SUMMARY, ETC.
Summary, etc. "Celebrates diversity as it introduces different kinds of homes from around the world with full-color photographs and rhyming text"--
Assigning source Provided by publisher.
521 ## - TARGET AUDIENCE NOTE
Target audience note K to Grade 3.
650 #0 - SUBJECT ADDED ENTRY--TOPICAL TERM
Topical term or geographic name entry element Dwellings
General subdivision Juvenile literature.
700 1# - ADDED ENTRY--PERSONAL NAME
Personal name Skelley, Paula.
Relator term Author
906 ## - LOCAL DATA ELEMENT F, LDF (RLIN)
a 7
b cbc
c orignew
d 1
e ecip
f 20
g y-gencatlg
942 ## - ADDED ENTRY ELEMENTS (KOHA)
Source of classification or shelving scheme
Koha item type Books - Non Ficton
Holdings
Withdrawn status Lost status Source of classification or shelving scheme Damaged status Not for loan Collection code Permanent Location Current Location Shelving location Date acquired Total Checkouts Full call number Barcode Date last seen Date last checked out Price effective from Koha item type
          Non-Fiction KH8 Primary School Library KH8 Primary School Library Non Fiction 2022-12-28 7 392.3 LOE KHPL000003101 2025-12-05 2023-11-23 2022-12-28 Books - Non Ficton

Powered By KH8 IT Dept